Central Library OPAC University of Rajshahi

Canada and the League of Nations : (Record no. 27379)

MARC details
000 -LEADER
fixed length control field 00819cam a22002771 4500
001 - CONTROL NUMBER
control field 27379
003 - CONTROL NUMBER IDENTIFIER
rucl marc code BD-RjUL
005 - DATE AND TIME OF LATEST TRANSACTION
control field 20211209051140.0
008 - FIXED-LENGTH DATA ELEMENTS--GENERAL INFORMATION
fixed length control field 140325s1930 sz b 000 0 eng d
035 ## - SYSTEM CONTROL NUMBER
System control number (BD-RjUL)27452
System control number (OCoLC)15779445
040 ## - CATALOGING SOURCE
Original cataloging agency DLC
Transcribing agency DGW
Modifying agency DLC
-- BD-RjUL
Language of cataloging eng
041 ## - LANGUAGE CODE
Language code of text/sound track or separate title eng
082 00 - DEWEY DECIMAL CLASSIFICATION NUMBER
Classification number 341.1
Author mark and year ARC 1930
100 1# - MAIN ENTRY--PERSONAL NAME
Personal name Armstrong, William Earl.
9 (RLIN) 84117
245 10 - TITLE STATEMENT
Title Canada and the League of Nations :
Remainder of title the problem of peace /
Statement of responsibility, etc. William Earl Armstrong
260 ## - PUBLICATION, DISTRIBUTION, ETC. (IMPRINT)
Place of publication, distribution, etc. Genève :
Name of publisher, distributor, etc. Immprimerie Jent, s. a.,
Date of publication, distribution, etc. 1930.
300 ## - PHYSICAL DESCRIPTION
Pagination 222 p. ;
Size 23 cm.
500 ## - GENERAL NOTE
General note "Thèse no 5."
502 ## - DISSERTATION NOTE
Dissertation note Thèse-Univ. de Genève.
504 ## - BIBLIOGRAPHY, ETC. NOTE
Bibliography, etc Bibliography: p. 216-222.
610 20 - SUBJECT ADDED ENTRY--CORPORATE NAME
Corporate name or jurisdiction name as entry element League of Nations
Geographic subdivision Canada.
942 ## - ADDED ENTRY ELEMENTS (KOHA)
Source of classification or shelving scheme Dewey Decimal Classification
Koha item type Books
Holdings
Lost status Source of classification or shelving scheme Damaged status Not for loan Collection code Permanent Location Current Location Shelving location Date acquired Source of acquisition Cost, normal purchase price Total Checkouts Full call number Date last seen Copy number Koha item type
  Dewey Decimal Classification   Added to bundle Non-fiction Central Library, University of Rajshahi Central Library, University of Rajshahi Reading Room 16/02/1972 Allies books 5.42   341.1 ARC 1930 25/03/2014 C-1 Books